इसे छोड़कर सामग्री पर बढ़ने के लिए
Inicio
Centros participantes
Catálogo
Servicios
Contacto
लॉग इन करें
English
Deutsch
Español
Français
Italiano
日本語
Nederlands
Português
Português (Brasil)
中文(简体)
中文(繁體)
Türkçe
עברית
Gaeilge
Cymraeg
Ελληνικά
Català
Euskara
Русский
Čeština
Suomi
Svenska
polski
Dansk
slovenščina
اللغة العربية
বাংলা
Galego
Tiếng Việt
Hrvatski
हिंदी
Հայերէն
Українська
Sámegiella
भाषा
सभी फ़ील्ड्स
शीर्षक
लेखक
विषय
बोधानक
आईएसबीएन / आईएसएसएन
टैग
खोज
उन्नत
Discusiones sobre planificació...
इसे उद्धृत करें
इसे ईमेल करें
प्रिंट
निर्यात रिकॉर्ड
को निर्यात RefWorks
को निर्यात EndNoteWeb
को निर्यात EndNote
सूची में सहेजें
स्थायी लिंक
पहली रेटिंग जोड़ें
Discusiones sobre planificación; Informe de un seminario, Santiago, Chile, 6-14 julio 1965
में बचाया:
ग्रंथसूची विवरण
निगमित लेखक:
ILPES
स्वरूप:
मूलपाठ
प्रकाशित:
México D.F:
Siglo XXI
संस्करण:
7
टैग:
टैग जोड़ें
कोई टैग नहीं, इस रिकॉर्ड को टैग करने वाले पहले व्यक्ति बनें!
होल्डिंग्स
विवरण
टिप्पणियाँ
समान संसाधन
स्टाफ के लिए
MARC
LEADER
00000 a a2200000 04500
001
23448
003
040
090
|a
162200
110
|a
ILPES
245
|a
Discusiones sobre planificación; Informe de un seminario, Santiago, Chile, 6-14 julio 1965
250
|a
7
260
|a
México D.F:
|b
Siglo XXI
300
|a
143 p
999
|c
4915
|d
4915
समान संसाधन
Crecimiento estéril o desarrollo: bases para la construcción de un nuevo proyecto económico en El Salvador /
द्वारा: Rubio Fabián, Roberto Enrique
Discusiones sobre planificación
Competitividad y política industrial: el caso de Costa Rica
द्वारा: Vargas, Leiner
Fuentes bibliográficas peruana en las ciencias sociales: 1879 - 1979
द्वारा: Pérez - Rosas Cáceres, Augusto
Mujeres tradicionales y nuevos cultivos
द्वारा: Dary Fuentes, Claudia